| 000 | 01413nam a2200301 a 4500 | ||
|---|---|---|---|
| 001 | 00003850 | ||
| 003 | DO-SdBNP | ||
| 005 | 20180312101858.0 | ||
| 007 | 00003850 | ||
| 008 | 091117s2004 dr ac 000 0 spa d | ||
| 020 | _a9993486191 | ||
| 040 |
_aBNPHU _bspa _cBNPHU |
||
| 082 |
_axxxx _bxxxx |
||
| 100 | 1 | _aIncháustegui, María Isabel | |
| 245 | 0 | 0 |
_aEspañol 6 : _beducación básica / _cMaría Isabel Incháustegui ; dirección editorial Obdulia García de Escobar ; ilustraciones Ruddy Núñez. |
| 260 |
_aSanto Domingo : _bSantillana, _c2004. |
||
| 300 |
_a191 p. : _bil., retrs. ; _c28 cm. |
||
| 490 | 1 | _aÁmbar | |
| 505 | 0 |
_gv. 6 : _gunidad 1 -- _tUn cuento de miedo -- _gunidad 2 -- _tLas fábulas -- _gunidad 3 -- _tUna historia personal -- _gunidad 4 -- _tUn cuento popular -- _gunidad 5 -- _tUn cuento de navidad -- _gunidad 6 -- _tUn cuento fantástico -- _gunidad 7 -- _tLeyendas americanas -- _gunidad 8 -- _tValoremos la familia -- _gunidad 9 -- _tEl trabajo de exploración -- _gunidad 10 -- _tPor un mundo mejor -- _gunidad 11 -- _tUna historia antigua -- _tApéndices: Verbos irregulares |
|
| 700 | 1 | _aGarcía Cartagena, Manuel | |
| 700 | 1 |
_aGarcía Escobar, Obdulia de, _eed. |
|
| 700 | 1 |
_aNúñez, Ruddy, _eil. |
|
| 830 | 0 | _aÁmbar | |
| 942 |
_2ddc _cBK |
||
| 945 | _aRemanejado para la BNPHU / 2018 VM | ||
| 956 |
_aVMATEO _b10 _c20150813 _lBPMSU _h00151 |
||
| 956 |
_aLOPEREZ _b10 _c20160412 _lBPMSU _h0041 |
||
| 999 |
_c9717 _d9717 |
||